Quantitative Analyse hierarchischer Strukturen

Gespeichert in:
Bibliographische Detailangaben
1. Verfasser: Margraf, Otti
Format: Buch
Sprache:Deutsch
Veröffentlicht: Berlin Akademie 1987
Ausgabe:1. Aufl.
Tags: Tag hinzufügen
Keine Tags, Fügen Sie das erste Tag hinzu!

MARC

LEADER 00000nam a2200000 4500
001 c040294
005 20221219111236.5
041 0 |a ger 
044 |a DE 
245 1 0 |a Quantitative Analyse hierarchischer Strukturen  |c Otti Margraf 
250 |a 1. Aufl. 
264 1 |a Berlin  |b Akademie  |c 1987 
300 |a 146 s.  |e 7 tab. 
100 1 |a Margraf, Otti